000 00362 a2200097 4500
245 0 0 _aUrządzenia mikrofalowe. Anteny - Wzorce zysku typu TOP Obliczanie i wzorcowanie PN-64/T-80317 /
_cMin. Przem. Ciężkiego.
246 1 3 _aPN-64/T-80317
246 1 3 _a621.396.67:53.081.001.24
260 _aWarszawa :
_bMin. Przem. Ciężkiego,
_c1964.
300 _a7 stron ;
_c30 cm.
650 _aPolska norma
999 _c19942
_d19942